Responses for Show #2146 - Monday, December 27, 1993

Contestants

[<< previous game]

Kate Charlesworth-Miller, a homemaker from Dublin, Ohio

Harold Katz, a real estate broker originally from Sharon, Pennsylvania

Debbie Peryea, a waitress from Keeseville, New York

[next game >>]

Jeopardy! Round responses

GEOGRAPHIC POTPOURRI
THE OSCARS
SEWING
FRUIT
GUINNESS RECORDS
RHYME TIME
    $100 6
The St. Lawrence Seaway

Harold
    $100 1
Brahms, Beethoven & Bach

Kate
    $100 2
a needle

Debbie
    $100 26
oranges

Kate
    $100 13
Abe Lincoln

Harold
    $100 16
a fat bat

Kate
    $200 7
Italy

Kate
    $200 3
Gone with the Wind

Kate
    $200 4
a quilt

Debbie
    $200 27
Concord

Kate
    $200 14
hibernates

Harold
    $200 17
a backpack

Kate
    $300 8
India

Kate
    $300 5
Michael Douglas

Harold
    $300 23
a turtleneck

Kate
    $300 28
limes

Harold
    $300 15
coasters

Debbie
    $300 18
a cute flute

Kate
    $400 9
the Crimean Peninsula

Triple Stumper
    $400 11
(Harold: [No response])
(Alex: Two important parts of the clue, Danish and woman author, [*], [**], Out of Africa.)

Isak Dinesen (Karen Blixen)

Harold
    $400 24
pleats

Harold
    $400 29
(Harold: What are Bosc?)

Bartlett

HaroldKate
    $400 20
an egg

Debbie
    $400 19
"Jeepers Creepers"

Harold
    $500 10
James Joyce

Harold
    $500 12
(Harold: Who is William Holden?)

Erich von Stroheim

Harold
Triple Stumper
    $500 25
darning

Harold
    $500 30
bananas

Kate
    $500 21
Mozart

Kate
    $500 22
Jackie's lackeys

Kate

Scores at the first commercial break (after clue 15):

Debbie Harold Kate
$600 $300 $800

Scores at the end of the Jeopardy! Round:

Debbie Harold Kate
$1,000 $1,500 $3,900

Double Jeopardy! Round responses

SPANISH HISTORY
SAINTS
MONEY MATTERS
ANIMAL HOMES
SCULPTURE
ENGLISH LITERATURE
    $200 22
Queen Isabella

Harold
    $200 10
Ireland

Debbie
    $200 14
an endorsement

Debbie
    $200 6
a hive

Harold
    $200 8
Greece

Debbie
    $200 1
Paradise Lost

Debbie
    $400 23
Franco

Harold
    $400 11
an X

Triple Stumper
    $400 27
the Tokyo exchange

Harold
    $400 7
a hare

Harold
    $400 18
the Venus de Milo

Debbie
    $400 2
Heart of Darkness

Debbie
    $600 24
NATO

Harold
    $600 15
St. Christopher

Kate
    $600 28
insurance

Debbie
    $600 9
a stable

Debbie
    $600 19
New York

Harold
    $600 3
Jane Austen

Triple Stumper
    $800 25
El Cid

Harold
    $800 16
St. Jude

Kate
    $500 29
[NOTE: The word "popularly" was misspelled on the clue screen as shown.]
(Debbie: What is the trickle-down theory?)
(Alex: No, we were going for the man's name.)

Milton Friedman

Debbie
    $800 12
an aerie

Harold
    $800 20
Remington

Kate
    $800 4
Shakespeare

Debbie
    $1000 26
(Kate: What is Madrid?)

Granada

Kate
Triple Stumper
    $2,000 17
(Kate: My grandmother's saying novenas.)
(Alex: What's that?)
(Kate: My grandmother's saying a novena right now for me.)
...
(Kate: Who is St. Anthony of Padua?)
...
(Alex: $2,000, gone.)
(Kate: Okay. It's okay.)
(Alex: She stopped praying for a moment.)
[Laughter]

Thomas a Becket

Kate
    $1000 30
(Harold: Who is Adam Smith?)

Thomas Gresham

Harold
Triple Stumper
    $1000 13
a rookery

Triple Stumper
    $1000 21
Henry Moore

Triple Stumper
    $1000 5
Pilgrim's Progress

Kate

Scores at the end of the Double Jeopardy! Round:

Debbie Harold Kate
$4,100 $4,900 $4,100

[wagering suggestions for these scores]

Final Jeopardy! Round responses

FAMOUS NAMES
[Kate's response was revealed first.]
(Alex: [*]'s choice is the expression. You had to take the horse nearest the door.)
DebbieWho was Hobson?
$4,099
KateWho was Chaucer
$4,100
HaroldWho is Lord Byron?
$3,301
Hobson

Final scores:

Debbie Harold Kate
$8,199 $1,599 $0
New champion: $8,199 2nd place: trip to Fort Myers, Florida 3rd place: pair of MCI video phones + Wheel of Fortune & Jeopardy! games for Super Nintendo & Sega Genesis

Game dynamics:

Coryat scores:

Debbie Harold Kate
$4,600 $5,300 $6,100
13 R,
1 W
(including 1 DD)
18 R,
4 W
(including 1 DD)
18 R,
2 W
(including 1 DD)

Combined Coryat: $16,000

[game clues] [game scores] [suggest correction]

Game tape date: 1993-09-20
The J! Archive is created by fans, for fans. Scraping, republication, monetization, and malicious use prohibited; this site may use cookies and collect identifying information. See terms. The Jeopardy! game show and all elements thereof, including but not limited to copyright and trademark thereto, are the property of Jeopardy Productions, Inc. and are protected under law. This website is not affiliated with, sponsored by, or operated by Jeopardy Productions, Inc. Join the discussion at JBoard.tv.